Tilastot visalle Sanat: Kitara, taivas ja tähdet, Eppu Normaali

Klikkaa tästä pelataksesi tätä visaa!

Yleistilastot

  • Tätä visaa on pelattu 18 kertaa
  • Keskiarvotulos 127 / 183

Vastaustilastot

Vastaus% Oikein
kitara
100%
ei
92%
itke
92%
itkeä
92%
Kun
92%
saa
92%
soi
92%
vain
92%
en
83%
muuta
83%
sähkökitaraan
83%
sähköt
83%
Sähköt
83%
sain
83%
sen
83%
Soittaa
83%
soittaa
83%
tarvitsekkaan
83%
kappaleen
75%
kitaran
75%
koskettikin
75%
koskettimin
75%
kuulen
75%
Kuulen
75%
loppuun
75%
mustin
75%
soitan
75%
Soitan
75%
Soitin
75%
Suru
75%
tähtineen
75%
taivaan
75%
teen
75%
vaikka
75%
valkoista
75%
äänen
67%
asti
67%
enää
67%
Juha
67%
maailman
67%
mielen
67%
Se
67%
Torvinen
67%
Vahingossa
67%
ja
58%
levyautomaatista
58%
Markalla
58%
ostan
58%
siellä
58%
sure
58%
älä
50%
tuo
50%
Ylleni
50%
ylleni
50%
baarin
42%
ihmiset
42%
korvien
42%
lohtunsa
42%
näppäilemällä
42%
nauroivat
42%
ne
42%
nurkassa
42%
pian
42%
pieni
42%
täyttää
42%
tosin
42%
tyttö
42%
välin
42%
jatkaa
33%
käsin
33%
Kielet
33%
kireämmin
33%
kitarani
33%
kuudestaan
33%
osin
33%
poikki
33%
Siis
33%
silti
33%
sinulle
33%
Sointi
33%
soivat
33%
suo
33%
toisenkin
33%
uudestaan
33%
yhä
33%
Yhä
33%
yhden
33%
Automaatista
25%
jo
25%
keikkaa
25%
kieltäni
25%
kiristin
25%
mieltäni
25%
piristin
25%
takahuoneessa
25%
Tuhat
25%

Tulosjakauma

Persentiili vastausten määrän mukaan

Jokaisen tuloksen saaneiden osuus

Tuloshistoriasi

Et ole pelannut tätä visaa